Summer Olympics - Athletics - Statistics

General Stats
  • This quiz has been taken 634 times
    432 since last reset
  • The average score is 56 of 98
Answer Stats
Hint Answer % Correct
800 United States
100%
27 China
95%
110 Germany
92%
78 Russia
92%
25 Japan
91%
60 Canada
90%
66 France
90%
77 Jamaica
90%
92 Kenya
89%
73 Australia
88%
13 Spain
88%
60 Italy
86%
20 Norway
86%
79 Sweden
86%
15 Brazil
85%
114 Finland
84%
28 South Africa
84%
11 Mexico
83%
57 Poland
83%
53 Ethiopia
81%
30 Greece
78%
24 New Zealand
78%
200 Great Britain
77%
10 Portugal
77%
193 Soviet Union
77%
5 Argentina
75%
2 India
75%
16 Netherlands
75%
2 South Korea
74%
12 Belgium
73%
40 Cuba
73%
7 Denmark
73%
18 Ukraine
71%
7 Austria
69%
40 Hungary
69%
8 Switzerland
68%
2 Chile
67%
110 East Germany
67%
5 Croatia
66%
35 Romania
66%
1 Serbia
66%
19 Bulgaria
65%
6 Ireland
65%
4 Slovenia
65%
7 Turkey
65%
19 Morocco
64%
1 Slovakia
64%
5 Latvia
63%
13 Nigeria
62%
6 Estonia
61%
5 Lithuania
61%
9 Algeria
60%
17 Belarus
60%
3 Colombia
60%
11 Czech Republic
60%
15 Trinidad and Tobago
60%
13 Bahamas
57%
2 Yugoslavia
56%
1 Iran
55%
2 Iceland
54%
43 West Germany
54%
2 Venezuela
52%
24 Czechoslovakia
48%
5 Tunisia
48%
3 Uganda
47%
1 Barbados
45%
3 Panama
42%
3 Qatar
42%
3 Dominican Republic
40%
1 Sudan
39%
1 Botswana
38%
2 Ecuador
38%
1 Haiti
38%
1 Luxembourg
38%
1 Saudi Arabia
38%
2 Cameroon
37%
1 Senegal
37%
1 Eritrea
35%
4 Kazakhstan
35%
1 Cote d'Ivoire
34%
2 Grenada
33%
4 Namibia
33%
2 Taiwan
33%
1 Zambia
31%
2 Mozambique
29%
1 Syria
28%
2 Bahrain
27%
1 Guatemala
24%
2 Philippines
23%
2 Burundi
21%
2 Sri Lanka
20%
1 Djibouti
19%
1 Tajikistan
18%
1 Puerto Rico
14%
21 Unified Team
14%
1 Australasia
4%
1 Bohemia
3%
2 British West Indies
1%
No matching quizzes found
Score Distribution
Percent of People with Each Score
Percentile by Number Answered
Your Score History
You have not taken this quiz since the last reset